|
|
|
|
| LEADER |
00000nam0a2200000 4500 |
| 001 |
94797 |
| 005 |
20231031105808.0 |
| 035 |
|
|
|a (RuTPU)RU\TPU\book\101546
|
| 090 |
|
|
|a 94797
|
| 100 |
|
|
|a 20060415d1980 k y0rusy50 ca
|
| 101 |
0 |
|
|a rus
|
| 102 |
|
|
|a RU
|
| 105 |
|
|
|a a dm 001zy
|
| 200 |
1 |
|
|a Морфолого-генетические особенности тектоноструктур верхнепалеозойских угленосных отложений Кузбасса, их типизация и районирование
|e автореферат диссертации на соискание ученой степени кандидата геолого-минералогических наук
|e Спец. 04.00.01
|f П. И. Шерин
|g Томский политехнический институт; науч. рук. А. Р. Ананьев
|
| 210 |
|
|
|a Томск
|c [Б. и.]
|d 1980
|
| 215 |
|
|
|a 24 с.
|c ил.
|
| 300 |
|
|
|a Защита сост. 18.06.1980 г.
|
| 320 |
|
|
|a Библиогр.: с. 23-24 (12 назв.).
|
| 610 |
1 |
|
|a угольные месторождения
|
| 610 |
1 |
|
|a угленосность
|
| 610 |
1 |
|
|a Россия
|
| 610 |
1 |
|
|a Кузбасс
|
| 610 |
1 |
|
|a Кузнецкий бассейн
|
| 610 |
1 |
|
|a геологическое строение
|
| 610 |
1 |
|
|a тектоническое районирование
|
| 610 |
1 |
|
|a геологоразведочные работы
|
| 610 |
1 |
|
|a авторефераты диссертаций
|
| 675 |
|
|
|a 553.94(048)
|v 3
|
| 686 |
|
|
|a 04.00.01
|2 oksvnk
|
| 700 |
|
1 |
|a Шерин
|b П. И.
|g Петр Иванович
|
| 702 |
|
1 |
|a Ананьев
|b А. Р.
|4 727
|
| 712 |
0 |
2 |
|a Томский политехнический институт
|2 stltpush
|3 (RuTPU)RU\TPU\col\1123
|
| 801 |
|
1 |
|a RU
|b 63413507
|c 20060415
|g PSBO
|
| 801 |
|
2 |
|a RU
|b 63413507
|c 20060427
|g PSBO
|
| 942 |
|
|
|c BK
|